000 00953nam a2200253Ia 4500
003 GCL
008 140319s9999 xx 000 0 ara d
040 _aGCL /
_cGCL
082 0 4 _aق
_b915.30738
_bا ت
100 1 _aاحمد عبدالرازق احمد
245 1 0 _aتاريخ مصر واثارها الاسلامية منذ الفتح العربى حتى نهاية العصر الفاطمى /
_cاحمد عبدالرازق احمد
260 _aالقاهرة :
_bدار الفكر العربى ،
_c1993
300 _a286 ص +32:
_bايض ، 32 لوحة ملونة ؛
_c24 سم
650 0 4 _aمصر
650 0 4 _aتاريخ
650 0 4 _aالدولة الفاطمية
650 0 4 _aالعمارة الاسلامية
650 0 4 _aالاثار الاسلامية
650 0 4 _aالدولة الاخشيدية
650 0 4 _aالمساجد
650 0 4 _aفتح مصر
650 0 4 _aالدولة الطولونية
942 _2ddc
_cBK
999 _c32025
_d32025